00419nam a2200145 a 45000010005000000030009000050080041000140400028000550820018000831000051001012450030001522600054001823000014002366500023002501758CO-ViMGA141112s2004 ck r 000 u spa d aCO-ViMGAbspacCO-ViMGA04a633.84 F323cp1 aFederación Nacional de Cafeteros de Colombia10aEl cultivo del Pimentón aSantafé de Bogotá : bLa federación, c1994 a22 p : il14aPIMENTON - CULTIVO